Fundamentals of Structured Programming Using Fortran with SF/K and WATFIV-S (Record no. 1168)
[ view plain ]
| 000 -LEADER | |
|---|---|
| fixed length control field | 01144cam a22002054a 4500 |
| 005 - ΗΜΕΡΟΜΗΝΙΑ ΚΑΙ ΩΡΑ ΤΕΛΕΥΤΑΙΑΣ ΕΝΗΜΕΡΩΣΗΣ | |
| Πεδίο ελέγχου | 20250605164000.0 |
| 008 - FIXED-LENGTH DATA ELEMENTS--GENERAL INFORMATION | |
| Πεδίο ελέγχου σταθερού μήκους | 250528s ||||||||||||||||||||||||d |
| 035 ## - SYSTEM CONTROL NUMBER | |
| System control number | 15598 |
| 020 ## - ISBN | |
| ISBN | 879093021 |
| 040 ## - ΠΗΓΗ ΚΑΤΑΛΟΓΟΓΡΑΦΗΣΗΣ | |
| Φορέας πρωτότυπης καταλογογράφησης | MC Athens Campus Library |
| Γλώσσα καταλογογράφησης | Ελληνικά, Μοντέρνα (1453-) |
| Modifying agency | MC Athens Campus Library |
| Κανόνες περιγραφικής καταλογογράφησης | AACR2 |
| 245 1# - ΤΙΤΛΟΣ ΚΑΙ ΔΗΛΩΣΗ ΥΠΕΥΘΥΝΟΤΗΤΑΣ | |
| Τίτλος | Fundamentals of Structured Programming Using Fortran with SF/K and WATFIV-S |
| 260 ## - PUBLICATION, DISTRIBUTION, ETC. | |
| Name of publisher, distributor, etc. | Reston Publishing Company, |
| Date of publication, distribution, etc. | 1977 |
| 300 ## - PHYSICAL DESCRIPTION | |
| Extent | 354 |
| 520 ## - SUMMARY, ETC. | |
| Summary, etc. | This book is intended to form the basis of an introductory course in computing. Introduction to Programming, The Computer, SF/1: Programs that Calculate and Print, SF/2: Variables and Assignments, SF/3: Control Flow, Structuring Control Flow, SF/4: Alphabetic Information Handling, SF/5: Arrays, Structuring Your Attack on the Problem, SF/6: Controlling Input and Output, The Computer Can Read English, SF/7: Subprograms, Modular Programming, Searching and Sorting, SF/8: Files and Records, Data Structures, Scientific Calculations, Numerical Methods, Programming Language Compilers, Bibliography, Index. |
| 700 1# - ΠΡΟΣΘΕΤΗ ΑΝΑΓΡΑΦΗ--ΦΥΣΙΚΟ ΠΡΟΣΩΠΟ | |
| Personal name | Holt R.C |
| 9 (RLIN) | 1563 |
| 700 1# - ΠΡΟΣΘΕΤΗ ΑΝΑΓΡΑΦΗ--ΦΥΣΙΚΟ ΠΡΟΣΩΠΟ | |
| Personal name | Hume J.N.P |
| 9 (RLIN) | 1564 |
| 942 ## - ADDED ENTRY ELEMENTS (KOHA) | |
| Koha item type | Books |
| Τύπος τεκμηρίου | Βιβλιοθήκη | Τρέχουσα τοποθεσία | Barcode | Αριθμός εισαγωγής | Ημερομηνία απόκτησης | Ταξιθετικό σύμβολο | Αριθμός αντιτύπου | Κατάσταση απόσυρσης | Κατάσταση χαμένου | Κατάσταση κατεστραμμένου | Μη δανεισμός | Σύνολο δανεισμών | Ημερομηνία τελευταίας εμφάνισης | Η τιμή ισχύει από |
|---|---|---|---|---|---|---|---|---|---|---|---|---|---|---|
| Books | MC Athens Campus Library | MC Athens Campus Library | 9780000011671 | 1945 | 05/06/2025 | 005.133 HOL | 1 | 05/06/2025 | 05/06/2025 |